000 00876nam0a22002291i 4500
001 rc\4576829
005 20240725234448.0
021 _aRU
_b[68-37104]
035 _a(NLR Aleph) 008376569
090 _a9091182
_c9091182
100 _a20130416d1968 |||y0rusy50 ca
101 0 _arus
102 _aRU
105 _ay d |||||
200 1 _aДиагностика и лечение субклинической остеодистрофии молочных коров
_e(По материалам УзССР)
_eАвтореферат дис. на соискание ученой степени кандидата ветеринарных наук
_e(800)
_fМоск. вет. акад.
210 _aМосква
_d1968
215 _a19 с.
700 1 _aМахкамов
_bТ.И.
801 0 _aRU
_bNLR
_gpsbo
801 1 _aRU
_bELAR
_2rusmarc
852 _aNLR
_j68-6/7849
942 _cBOOK